Statistics for Angel Episodes

Click here to take the quiz!

General Stats

  • This quiz has been taken 19 times
  • The average score is 32 of 110

Answer Stats

SeasonEpisode #Titles% Correct
Season 11City Of...
100%
4I Fall to Pieces
78%
3In the Dark
78%
8I Will Remember You
78%
2Lonely Heart
78%
5Rm w/a Vu
78%
6Sense and Sensitivity
78%
9Hero
67%
7Darla
56%
18Five by Five
56%
17Eternity
44%
12Expecting
44%
4Hell-Bound
44%
14I've Got You Under My Skin
44%
19Sanctuary
44%
13She
44%
3The House Always Wins
44%
15The Prodigal
44%
16The Ring
44%
20War Zone
44%
15A Hole in the World
33%
7Apocalypse, Nowish
33%
2Are You Now or Have You Ever Been?
33%
6Billy
33%
21Blind Date
33%
12Blood Money
33%
11Damage
33%
18Dead End
33%
5Dear Boy
33%
17Disharmony
33%
5Fredless
33%
22Home
33%
Season 21Judgment
33%
9Lullaby
33%
22Not Fade Away
33%
15Orpheus
33%
20Over the Rainbow
33%
10Parting Gifts
33%
10Reunion
33%
13Salvage
33%
14Smile Time
33%
11Somnambulist
33%
11Soulless
33%
10Soul Purpose
33%
3That Old Gang of Mine
33%
2That Vision Thing
33%
8The Shroud of Rahmon
33%
14The Thin Dead Line
33%
9The Trial
33%
13Waiting in the Wings
33%
12You're Welcome
33%
20A New World
22%
21Benediction
22%
11Birthday
22%
12Calvary
22%
Season 51Conviction
22%
14Couplet
22%
10Dad
22%
Season 41Deep Down
22%
8Destiny
22%
16Epiphany
22%
3First Impressions
22%
6Guise Will Be Guise
22%
Season 31Heartthrob
22%
17Inside Out
22%
2Just Rewards
22%
5Life of the Party
22%
7Lineage
22%
15Loyalty
22%
18Origin
22%
21Power Play
22%
8Quickening
22%
16Shells
22%
18Shiny Happy People
22%
16Sleep Tight
22%
4Slouching Toward Bethlehem
22%
6Spin the Bottle
22%
5Supersymmetry
22%
6The Cautionary Tale of Numero Cinco
22%
20The Girl in Question
22%
19The Magic Bullet
22%
19The Price
22%
22Tomorrow
22%
3Unleashed
22%
4Untouched
22%
13Why We Fight
22%
10Awakening
11%
19Belonging
11%
18Double or Nothing
11%
17Forgiving
11%
2Ground State
11%
8Habeas Corpses
11%
13Happy Anniversary
11%
9Harm's Way
11%
9Long Day's Journey
11%
7Offspring
11%
16Players
11%
12Provider
11%
22There's No Place Like Plrtz Glrb
11%
21Through the Looking Glass
11%
19Time Bomb
11%
22To Shansu in L.A.
11%
17Underneath
11%
4Carpe Noctem
0%
21Peace Out
0%
11Redefininition
0%
14Release
0%
15Reprise
0%
20Sacrifice
0%
7The Bacehlor Party
0%

Score Distribution

Percentile by Number Answered

Percent of People with Each Score

Your Score History

You have not taken this quiz